BIBLIOTHÈQUE DE LA MAISON DU MEXIQUE

Logo 1 Logo 2

Cuando sea grande (notice nᵒ 5080)

détails MARC
000 -Sello discográfico
campo de control de longitud fija 00927nam0a2200301 4500
005 - Identificación de versión
campo de control 20251016084001.0
010 ## - Número Estándar Internacional de Libros (ISBN)
Número (ISBN) 970-928-6501
035 ## - Otros números de control del sistema
Número de control del sistema 33107
099 ## - fechas locales
Tipo de ítem Koha LIBRO
100 ## - Datos de procesamiento general
Datos de procesamiento general 20110923d2002 m y0spay5003 ba
105 ## - Campo de datos codificados: Material textual, monográfico
Datos codificados de monografía y 001zy
200 1# - Título y mención de responsabilidad
Título propio Cuando sea grande
Designación general del material texto impreso
Primer mención de responsabilidad Manuel Arenaza Madera
205 ## - Declaración de edición
Declaración de edición 1a ed
210 ## - Publicación, distribución, etc.
Lugar de publicación, distribución, etc. México
Nombre del editor, distribuidor, etc. Cámara Nacional de la Industria Editorial Mexicana
Fecha de publicación, distribución, etc. 2002
215 ## - Descripción física
Designación de material específico y extensión del ítem 205 p
Dimensiones 22 cm
345 ## - Nota de información de adquisición
Fuente de adquisición/dirección de la suscripción [OBSOLETO] Donación 'Salon du Livre 2009'
410 #1 - Series
Título Tecuanis
606 ## - Término temático usado como materia
Elemento de entrada Cultura indígena
Subdivisión geográfica México
Número Koha 9981
606 ## - Término temático usado como materia
Elemento de entrada Indios de México
Subdivisión temática Cultura
Número Koha 1400
606 ## - Término temático usado como materia
Elemento de entrada Mixtecos (Indios)
Subdivisión temática Cultura
Número Koha 9982
700 ## - Nombre personal - Responsabilidad primaria
Elemento de entrada Arenaza Madera
Parte del nombre distinta del elemento de entrada Manuel
Fechas 1951-
Número Koha 9983
801 #0 - Fuente de origen
País FR
Agencia cm
Reglas de catalogación (convenciones descriptivas) AFNOR
900 ## -
-- 1/20539
942 ## - ELEMENTOS DE ENTRADA SECUNDARIOS (KOHA)
Tipo de ítem Koha Livre
996 ## -
-- MEX
-- 751145101
-- MMAG
-- 000430
-- 572 A681CU
-- 20110923LIV
Exemplaires
Estatus retirado Estado de daño Estado de pérdida Fecha de adquisición Biblioteca de origen Biblioteca actual Ubicación en estantería Código de barras Precio de reemplazo Signatura topográfica completa No para préstamo Tipo de ítem Koha Nota pública Nota no pública
      05/08/2025 Casa México Paris Casa México Paris   000430 05/08/2025 572 A681CU   Livre 20110923LIV 751145101